LEADER 00999nam0 2200289 450 001 000025452 005 20090428160232.0 010 $a978-88-386-6326-0 010 $a88-386-6326-0 100 $a20090428d2007----km-y0itay50------ba 101 0 $aita 102 $aIT 200 1 $aReti di telecomunicazione$enetworking e internet$fAchille Pattavina 205 $a2. ed. 210 $aMilano$cMcGraw-Hill$d2007 215 $aXV, 640 p.$d25 cm. 225 2 $aCollana di istruzione scientifica.$iSerie di telecomunicazioni 410 0$12001$aCollana di istruzione scientifica.$iSerie di telecomunicazioni 451 0$1001000004989 610 1 $aRETI DI ELABORATORI$aArchitettura 676 $a621.3821$v21$9INGEGNERIA DELLE COMUNICAZIONI. RETI DI COMUNICAZIONI 700 1$aPattavina,$bAchille$067393 801 0$aIT$bUNIPARTHENOPE$c20090428$gRICA$2UNIMARC 912 $a000025452 951 $aP1 621-R/11$b41405$cPIST$d2009 996 $aReti di telecomunicazione$9231618 997 $aUNIPARTHENOPE LEADER 01154cam0 2200277 450 001 E600200032421 005 20200707103203.0 100 $a20071213d1954 |||||ita|0103 ba 101 $aita 102 $aIT 200 1 $aBattista Grassi$eDiscorso pronunciato dal Socio Nazionale Giulio Cotronei nella seduta a Classi riunite del 10 aprile 1954 in occasione del 1 centenario della nascita di Battista Grassi$fGiulio Cotronei 210 $aRoma$cAccademia Nazionale dei Lincei$d1954 215 $a22 p.$d27 cm 225 2 $aProblemi attuali di scienza e di cultura$v33 300 $aEstr. da : "Accademia Nazionale dei Lincei", CCCLI(1954) 410 1$1001LAEC00017316$12001 $a*Problemi attuali di scienza e di cultura$v33 700 1$aCotronei$b, Giulio$3A600200045442$4070$070186 801 0$aIT$bUNISOB$c20200707$gRICA 850 $aUNISOB 852 $aUNISOB$j500|Opusc$m77528 912 $aE600200032421 940 $aM 102 Monografia moderna SBN 941 $aM 957 $a500|Opusc$b000006$gSi$d77528$racquisto$1pregresso3$2UNISOB$3UNISOB$420071213112819.0$520200707103152.0$6Spinosa 996 $aBattista Grassi$91687973 997 $aUNISOB